000 01025nam a2200229 i 4500
001 188923
003 ES-MaACL
005 20251220174417.0
008 190227s1982 sp |||| | spa d
100 0 _aMorello, Jorge.
_983256
245 1 0 _aManejo integrado de recursos naturales /
_cJorge Morello.
260 _a[Madrid :
_bCIFCA,
_c1982?]
300 _a54 p. ;
_c30 cm.
490 1 _aOpiniones. Recursos naturales ;
_v5
500 _aEste documento fue presentado en el Seminario sobre Recursos naturales: bosques, zonas húmedas y sonas áridas y semiáridas, celebrado en Madrid del 8 al 12 de febrero de 1982.
650 0 7 _aRecursos naturales
_2embne
_916700
710 2 _aCentro Internacional de Formación en Ciencias Ambientales (Madrid)
_9166480
711 2 _aSeminario sobre Recursos naturales: bosques, zonas húmedas y sonas áridas y semiáridas
_d(1982.
_cMadrid)
_9166483
830 0 _aOpiniones. Recursos naturales ;
_v5
_9193215
852 _aES-MaACL
_jP-466-5
999 _c188923
_d188923